[Event "Abu Dhabi op 29th"]
[Site "Abu Dhabi"]
[Date "2023.08.23"]
[Round "8"]
[White "Hossain, Enamul"]
[Black "Zhou, Guijue"]
[Result "1/2-1/2"]
[WhiteElo "2386"]
[BlackElo "2188"]
[PlyCount "104"]
[EventDate "2023.08.16"]
[EventType "swiss"]
[EventRounds "9"]
[EventCountry "UAE"]
[SourceTitle "EXT 2024"]
[Source "ChessBase"]
[SourceDate "2023.10.10"]
[SourceVersion "1"]
[SourceVersionDate "2023.10.10"]
[SourceQuality "1"]

1. e4 c5 2. Nf3 e6 3. d4 cxd4 4. Nxd4 Nf6 5. Nc3 Nc6 6. Ndb5 Bb4 7. a3 Bxc3+ 8. Nxc3 d5 9. Bd3 dxe4 10. Nxe4 Nxe4 11. Bxe4 Qxd1+ 12. Kxd1 Bd7 13. Be3 f5 14. Bf3 e5 15. Re1 0-0-0 16. Kc1 f4 17. Bxc6 fxe3 18. Bxd7+ Rxd7 19. Rxe3 Rhd8 20. Rc3+ Kb8 21. Rd3 Rxd3 22. cxd3 Rxd3 23. Kc2 Rd5 24. Re1 Kc7 25. Re4 Rc5+ 26. Kd3 Kd6 27. Rg4 g6 28. h4 Rd5+ 29. Ke3 Rb5 30. b4 a5 31. f3 Ke6 32. Rc4 axb4 33. axb4 Rd5 34. h5 gxh5 35. Rh4 Rb5 36. Kd3 Kd5 37. Kc3 Rb6 38. Rxh5 Rg6 39. Rxh7 Rxg2 40. Rxb7 Rf2 41. Rd7+ Kc6 42. Rd3 Re2 43. Rd2 Re3+ 44. Rd3 Re2 45. Kc4 e4 46. b5+ Kc7 47. fxe4 Rxe4+ 48. Kc5 Re5+ 49. Kb4 Re6 50. Ka5 Kb7 51. Rd7+ Kb8 52. Rf7 Rg6 1/2-1/2

[Event "CHN-chT Div-A Rapid"]
[Site "Fuling"]
[Date "2022.09.15"]
[Round "8.2"]
[White "Chu, Ruotong"]
[Black "Zhou, Guijue"]
[Result "1/2-1/2"]
[WhiteElo "2185"]
[BlackElo "2225"]
[PlyCount "61"]
[EventDate "2022.09.06"]
[EventType "team-tourn (rapid)"]
[EventRounds "11"]
[EventCountry "CHN"]
[SourceTitle "CBM 210 Extra"]
[Source "ChessBase"]
[SourceDate "2022.11.30"]
[SourceVersion "1"]
[SourceVersionDate "2022.11.30"]
[SourceQuality "1"]
[WhiteTeam "Chengdu"]
[BlackTeam "Hangzhou Zhenjiang"]
[WhiteTeamCountry "CHN"]
[BlackTeamCountry "CHN"]

1. c4 Nf6 2. Nf3 e6 3. g3 d5 4. Bg2 Be7 5. d4 0-0 6. 0-0 dxc4 7. Qa4 a6 8. Qxc4 b5 9. Qc2 Bb7 10. Bd2 Be4 11. Qc1 c6 12. Rd1 Bxf3 13. Bxf3 Qxd4 14. a4 b4 15. Be3 Qe5 16. Nd2 Qc7 17. Nc4 Nd5 18. a5 Nxe3 19. Qxe3 Nd7 20. Nb6 Nxb6 21. Qxb6 Rfc8 22. Rdc1 Qxb6 23. axb6 Rab8 24. Rxa6 Bd8 25. Rxc6 Rxc6 26. Bxc6 Bxb6 27. Ra8 Rxa8 28. Bxa8 b3 29. Bc6 Bd4 30. Ba4 Bxb2 31. Bxb3 1/2-1/2

[Event "Novi Sad TS IM 129th"]
[Site "Novi Sad"]
[Date "2020.02.17"]
[Round "6"]
[White "Zhou, Guijue"]
[Black "Bulajic, Ratko"]
[Result "1/2-1/2"]
[WhiteElo "2205"]
[BlackElo "2296"]
[PlyCount "96"]
[EventDate "2020.02.14"]
[EventType "tourn"]
[EventRounds "11"]
[EventCountry "SRB"]
[SourceTitle "CBM 195 Extra"]
[Source "ChessBase"]
[SourceDate "2020.05.31"]
[SourceVersion "1"]
[SourceVersionDate "2020.05.31"]
[SourceQuality "1"]

1. e4 c5 2. Nf3 d6 3. Bb5+ Nd7 4. 0-0 Ngf6 5. Re1 a6 6. Bd3 Ne5 7. Nxe5 dxe5 8. Bf1 e6 9. d3 Bd6 10. Nd2 b5 11. a4 Rb8 12. b3 0-0 13. Bb2 Bc7 14. Nf3 Nd7 15. axb5 axb5 16. Qd2 Bd6 17. h4 Bb7 18. h5 h6 19. g3 f5 20. Bh3 Qe8 21. g4 fxg4 22. Bxg4 Nf6 23. Bh3 Nxh5 24. Nxe5 Nf4 25. Bg4 h5 26. Bf3 Nh3+ 27. Kg2 Bxe5 28. Bxe5 Qg6+ 29. Kh2 Rxf3 30. Rg1 Nxg1 31. Rxg1 Rh3+ 32. Kxh3 Qxg1 33. Bxb8 e5 34. f4 Qh1+ 35. Kg3 Qg1+ 36. Qg2 exf4+ 37. Bxf4 h4+ 38. Kf3 Qd1+ 39. Ke3 Qc1+ 40. Kf3 Qd1+ 41. Qe2 Qxe2+ 42. Kxe2 c4 43. bxc4 bxc4 44. Kf3 cxd3 45. cxd3 Kf7 46. Kg4 Ke6 47. Kxh4 Ba6 48. d4 Bb7 1/2-1/2

[Event "Novi Sad TS IM 129th"]
[Site "Novi Sad"]
[Date "2020.02.14"]
[Round "1"]
[White "Vratonjic, Slobodan"]
[Black "Zhou, Guijue"]
[Result "1/2-1/2"]
[WhiteElo "2365"]
[BlackElo "2205"]
[PlyCount "87"]
[EventDate "2020.02.14"]
[EventType "tourn"]
[EventRounds "11"]
[EventCountry "SRB"]
[SourceTitle "CBM 195 Extra"]
[Source "ChessBase"]
[SourceDate "2020.05.31"]
[SourceVersion "1"]
[SourceVersionDate "2020.05.31"]
[SourceQuality "1"]

1. e4 c5 2. Nf3 Nc6 3. Bb5 g6 4. 0-0 Bg7 5. Re1 e5 6. Bxc6 dxc6 7. d3 Qe7 8. Be3 Nh6 9. h3 f6 10. c3 Nf7 11. d4 0-0 12. Nbd2 Be6 13. Nb3 c4 14. Nbd2 Rfd8 15. Qe2 b5 16. b3 cxb3 17. axb3 exd4 18. Nxd4 Bd7 19. Ra6 Rdc8 20. b4 c5 21. bxc5 Rxc5 22. Ne6 Rxc3 23. Nxg7 Kxg7 24. Bd4 Rc6 25. Rxa7 Rxa7 26. Bxa7 Ra6 27. Bd4 Ra2 28. Qe3 Ra3 29. Qf4 g5 30. Qc7 Qe6 31. Nf3 Qc6 32. Rc1 Qe6 33. Qc5 Ra4 34. Nxg5 Qd6 35. Nf3 Qxc5 36. Rxc5 Rc4 37. Rxc4 bxc4 38. Nd2 Bb5 39. Nb1 Kg6 40. Nc3 Bc6 41. g4 Ng5 42. Kg2 Nxe4 43. Nxe4 Bxe4+ 44. Kg3 1/2-1/2

[Event "Novi Sad TS IM 126th"]
[Site "Novi Sad"]
[Date "2020.02.07"]
[Round "9"]
[White "Remecki, Sinisa"]
[Black "Zhou, Guijue"]
[Result "1/2-1/2"]
[WhiteElo "2232"]
[BlackElo "2205"]
[PlyCount "71"]
[EventDate "2020.02.01"]
[EventType "tourn"]
[EventRounds "9"]
[EventCountry "SRB"]
[SourceTitle "CBM 194 Extra"]
[Source "ChessBase"]
[SourceDate "2020.03.31"]
[SourceVersion "1"]
[SourceVersionDate "2020.03.31"]
[SourceQuality "1"]

1. c4 e5 2. Nc3 Nf6 3. e3 d5 4. cxd5 Nxd5 5. d3 c5 6. Nf3 Nc6 7. Be2 Be7 8. a3 0-0 9. 0-0 Be6 10. Bd2 f6 11. Nxd5 Qxd5 12. Bc3 Rfd8 13. Nd2 Rac8 14. Rc1 b5 15. b3 a6 16. Ra1 Kh8 17. Qb1 Bf8 18. Rd1 Rb8 19. b4 cxb4 20. axb4 a5 21. bxa5 b4 22. Bb2 Nxa5 23. d4 exd4 24. Bxd4 Nc6 25. Bc4 Qd7 26. Bxe6 Qxe6 27. Nb3 Ra8 28. Rxa8 Rxa8 29. Bc5 Bxc5 30. Nxc5 Qe5 31. Nb3 h6 32. Nd4 Nxd4 33. exd4 Qe2 34. Re1 Qc4 35. d5 Qxd5 36. Qxb4 1/2-1/2

[Event "Gibraltar Masters 18th"]
[Site "Caleta"]
[Date "2020.01.23"]
[Round "3"]
[White "Zhou, Guijue"]
[Black "Bellahcene, Bilel"]
[Result "0-1"]
[WhiteElo "2193"]
[BlackElo "2536"]
[PlyCount "72"]
[EventDate "2020.01.21"]
[EventType "swiss"]
[EventRounds "10"]
[EventCountry "GGB"]
[SourceTitle "CBM 194 Extra"]
[Source "ChessBase"]
[SourceDate "2020.03.31"]
[SourceVersion "1"]
[SourceVersionDate "2020.03.31"]
[SourceQuality "1"]

1. e4 e5 2. Nf3 Nc6 3. d4 exd4 4. Nxd4 Bc5 5. Be3 Qf6 6. c3 b6 7. g3 Nge7 8. Bg2 Bb7 9. 0-0 0-0-0 10. f4 h5 11. Qd2 h4 12. g4 h3 13. Bf3 g5 14. fxg5 Qg6 15. b4 Bd6 16. Nf5 Kb8 17. Na3 Ne5 18. Nxd6 cxd6 19. Bf4 Nc8 20. Bxe5 dxe5 21. Nc4 d6 22. Qe3 Rh4 23. a4 Bxe4 24. Qxe4 Qxe4 25. Bxe4 Rxg4+ 26. Kf2 Rxe4 27. Nd2 Rg4 28. Rg1 Rf4+ 29. Kg3 Ne7 30. Raf1 Nf5+ 31. Kxh3 Rh8+ 32. Kg2 Ne3+ 33. Kg3 Rg4+ 34. Kf2 Nxf1 35. Rxg4 Nxd2 36. h4 d5 0-1

[Event "Groningen op 57th"]
[Site "Groningen"]
[Date "2019.12.23"]
[Round "3"]
[White "Berndt, Matthias"]
[Black "Zhou, Guijue"]
[Result "0-1"]
[WhiteElo "2065"]
[BlackElo "2238"]
[PlyCount "100"]
[EventDate "2019.12.21"]
[EventType "swiss"]
[EventRounds "9"]
[EventCountry "NED"]
[SourceTitle "CBM 194 Extra"]
[Source "ChessBase"]
[SourceDate "2020.03.31"]
[SourceVersion "1"]
[SourceVersionDate "2020.03.31"]
[SourceQuality "1"]

1. e4 d6 2. d4 Nf6 3. Nc3 g6 4. Nf3 a6 5. a4 Bg7 6. Be2 0-0 7. 0-0 b6 8. Re1 e6 9. e5 dxe5 10. Nxe5 Bb7 11. Bf3 c6 12. Bg5 h6 13. Bh4 g5 14. Bg3 Nd5 15. Nxd5 exd5 16. Bh5 Nd7 17. f4 Nxe5 18. fxe5 Bc8 19. Qe2 Be6 20. Rf1 c5 21. c3 Qe7 22. Bf2 c4 23. Be3 f5 24. exf6 Rxf6 25. Rxf6 Bxf6 26. Bd2 Bf7 27. Bxf7+ Qxf7 28. Re1 b5 29. axb5 axb5 30. h4 gxh4 31. Bxh6 Kh7 32. Bc1 Rg8 33. Qe6 Qxe6 34. Rxe6 Rg6 35. Kf1 Bg5 36. Re1 Rf6+ 37. Kg1 Bxc1 38. Rxc1 Re6 39. Kf1 Kg6 40. Ra1 Kf5 41. Ra8 b4 42. Rf8+ Ke4 43. Ke2 bxc3 44. bxc3 Rg6 45. Re8+ Kf4 46. Kf2 Rg3 47. Re5 Rxc3 48. Rxd5 Rc2+ 49. Kg1 Ke3 50. Rd8 c3 0-1

[Event "Groningen op 57th"]
[Site "Groningen"]
[Date "2019.12.22"]
[Round "2"]
[White "Zhou, Guijue"]
[Black "Ulybin, Mikhail"]
[Result "0-1"]
[WhiteElo "2238"]
[BlackElo "2453"]
[PlyCount "84"]
[EventDate "2019.12.21"]
[EventType "swiss"]
[EventRounds "9"]
[EventCountry "NED"]
[SourceTitle "CBM 194 Extra"]
[Source "ChessBase"]
[SourceDate "2020.03.31"]
[SourceVersion "1"]
[SourceVersionDate "2020.03.31"]
[SourceQuality "1"]

1. e4 e6 2. d4 d5 3. Nc3 Nf6 4. e5 Nfd7 5. Nce2 c5 6. c3 cxd4 7. cxd4 f6 8. f4 fxe5 9. fxe5 Qh4+ 10. Ng3 Bb4+ 11. Kf2 0-0+ 12. Nf3 Nc6 13. Be3 Ba5 14. Bb5 Bb6 15. Bxc6 bxc6 16. b4 a5 17. a3 axb4 18. axb4 Ba6 19. Qd2 h6 20. Kg1 Qg4 21. Qf2 Bc4 22. Rxa8 Rxa8 23. h3 Qg6 24. Kh2 Ra2 25. Qe1 Bd8 26. Rg1 Be7 27. Bd2 Bd3 28. Qc1 Rc2 29. Qd1 Nb6 30. Ne1 Bh4 31. Bf4 Rc3 32. Ne2 Bxe2 33. Qxe2 Nc4 34. Nf3 Be7 35. Ra1 Rc2 36. Qf1 Qe4 37. Ra8+ Kh7 38. Bxh6 Kxh6 39. Rh8+ Kg6 40. h4 Qf4+ 41. Kh1 Rc1 42. h5+ Kf7 0-1

[Event "CHN-chTB"]
[Site "Harbin"]
[Date "2019.07.27"]
[Round "11.1"]
[White "Zhou, Guijue"]
[Black "Mkrtchian, Lilit"]
[Result "1/2-1/2"]
[WhiteElo "2194"]
[BlackElo "2395"]
[PlyCount "60"]
[EventDate "2019.07.20"]
[EventType "team-swiss"]
[EventRounds "11"]
[EventCountry "CHN"]
[SourceTitle "CBM 191 Extra"]
[Source "ChessBase"]
[SourceDate "2019.09.30"]
[SourceVersion "1"]
[SourceVersionDate "2019.09.30"]
[SourceQuality "1"]
[WhiteTeam "Ningbo Huangli School"]
[BlackTeam "Shenzhen Ticai"]
[WhiteTeamCountry "CHN"]
[BlackTeamCountry "CHN"]

1. e4 e5 2. Nf3 Nc6 3. d4 exd4 4. Nxd4 Nf6 5. Nxc6 bxc6 6. e5 Qe7 7. Qe2 Nd5 8. c4 Ba6 9. b3 g6 10. f4 Bg7 11. Qf2 Nf6 12. Be2 Ne4 13. Qe3 f5 14. Ba3 d6 15. Nd2 Nxd2 16. Qxd2 0-0-0 17. c5 Bxe2 18. cxd6 cxd6 19. Qxe2 Qb7 20. 0-0-0 dxe5 21. Rxd8+ Rxd8 22. fxe5 Qb5 23. Re1 Qa5 24. Bd6 Rxd6 25. exd6 Qc3+ 26. Kb1 Qa1+ 27. Kc2 Qxa2+ 28. Kd1 Qa1+ 29. Kc2 Qc3+ 30. Kd1 Qa1+ 1/2-1/2

[Event "CHN-chTB"]
[Site "Harbin"]
[Date "2019.07.25"]
[Round "8.2"]
[White "Zhou, Guijue"]
[Black "Rapport, Jovana"]
[Result "1/2-1/2"]
[WhiteElo "2194"]
[BlackElo "2363"]
[PlyCount "60"]
[EventDate "2019.07.20"]
[EventType "team-swiss"]
[EventRounds "11"]
[EventCountry "CHN"]
[SourceTitle "CBM 191 Extra"]
[Source "ChessBase"]
[SourceDate "2019.09.30"]
[SourceVersion "1"]
[SourceVersionDate "2019.09.30"]
[SourceQuality "1"]
[WhiteTeam "Ningbo Huangli School"]
[BlackTeam "Qingdao Chengyang"]
[WhiteTeamCountry "CHN"]
[BlackTeamCountry "CHN"]

1. e4 c6 2. d4 d5 3. e5 Bf5 4. Be3 Qb6 5. Qc1 e6 6. Nd2 c5 7. c3 Nc6 8. Nb3 cxd4 9. Nxd4 Nxd4 10. Bxd4 Bc5 11. Nf3 Ne7 12. Bxc5 Qxc5 13. Nd4 0-0 14. Be2 Nc6 15. Nxc6 bxc6 16. 0-0 a5 17. Qd2 f6 18. exf6 Rxf6 19. b4 Qb6 20. a3 e5 21. c4 Be6 22. c5 Qc7 23. f3 Rf4 24. Rab1 axb4 25. axb4 Rd4 26. Qc3 Ra2 27. Bd3 Rh4 28. Rb2 d4 29. Qd2 Rxb2 30. Qxb2 Rf4 1/2-1/2

[Event "CHN Team (Women)"]
[Site "Beijing"]
[Date "2017.06.11"]
[Round "6.1"]
[White "Zhou, Guijue"]
[Black "Wang, Yu A"]
[Result "0-1"]
[WhiteElo "2250"]
[BlackElo "2354"]
[PlyCount "90"]
[EventDate "2017.06.06"]
[EventType "team-swiss"]
[EventRounds "9"]
[EventCountry "CHN"]
[SourceTitle "CBM 178 Extra"]
[Source "ChessBase"]
[SourceDate "2017.06.22"]
[SourceVersion "1"]
[SourceVersionDate "2017.06.22"]
[SourceQuality "1"]
[WhiteTeam "Shanghai (W)"]
[BlackTeam "Beijing (W)"]
[WhiteTeamCountry "CHN"]
[BlackTeamCountry "CHN"]

1. e4 e5 2. Nf3 Nc6 3. Bc4 Nf6 4. d3 Be7 5. 0-0 0-0 6. Re1 d6 7. a4 Na5 8. Ba2 c5 9. Na3 Be6 10. Bxe6 fxe6 11. c3 Nc6 12. Nc4 Qd7 13. Bd2 Rae8 14. h3 Bd8 15. b4 Bc7 16. b5 Ne7 17. Bg5 Ng6 18. Nh4 Nxh4 19. Bxh4 d5 20. Nd2 Qf7 21. Bxf6 gxf6 22. Nb3 b6 23. Qe2 f5 24. c4 Kh8 25. Nd2 Rg8 26. Kh2 Ref8 27. f3 fxe4 28. dxe4 Qf4+ 29. Kh1 Rg6 30. Rg1 Rfg8 31. Rae1 d4 32. Nf1 Bd8 33. Rd1 Qh4 34. Nh2 Bg5 35. g3 Qxh3 36. Qf1 Qh6 37. Kg2 Be3 38. Ng4 Rxg4 39. fxg4 Bxg1 40. Kxg1 Rxg4 41. Kg2 Rg8 42. Rd3 Qg6 43. Qe2 Rf8 44. Rf3 Rf4 45. Qf2 Qg4 0-1

[Event "CHN Team (Women)"]
[Site "Beijing"]
[Date "2017.06.10"]
[Round "5.4"]
[White "Zhou, Guijue"]
[Black "Zhao, Shengxin"]
[Result "1-0"]
[WhiteElo "2250"]
[BlackElo "2112"]
[PlyCount "83"]
[EventDate "2017.06.06"]
[EventType "team-swiss"]
[EventRounds "9"]
[EventCountry "CHN"]
[SourceTitle "CBM 178 Extra"]
[Source "ChessBase"]
[SourceDate "2017.06.22"]
[SourceVersion "1"]
[SourceVersionDate "2017.06.22"]
[SourceQuality "1"]
[WhiteTeam "Shanghai (W)"]
[BlackTeam "Hangzhou (W)"]
[WhiteTeamCountry "CHN"]
[BlackTeamCountry "CHN"]

1. e4 c5 2. Nf3 d6 3. d4 cxd4 4. Qxd4 Nc6 5. Bb5 Bd7 6. Bxc6 Bxc6 7. c4 Nf6 8. Nc3 g6 9. 0-0 Bg7 10. Qd3 0-0 11. Nd4 Rc8 12. b3 Qd7 13. f3 e5 14. Ndb5 Bxb5 15. Nxb5 a6 16. Nc3 Qc6 17. Bb2 Rfd8 18. Rad1 Rd7 19. Qe2 Nh5 20. Nd5 Nf6 21. Nxf6+ Bxf6 22. Rd5 Bg7 23. Rfd1 b6 24. Qd3 Rcd8 25. g3 f6 26. Kg2 Bf8 27. a4 a5 28. Bc1 Kg7 29. Be3 Rb7 30. Rb5 Rdd7 31. Qd5 Qc7 32. b4 axb4 33. Rxb4 Be7 34. Rdb1 Bd8 35. a5 Qc8 36. Bxb6 Bxb6 37. Rxb6 Rxb6 38. Rxb6 Qc7 39. Qb5 Qc8 40. a6 Rc7 41. Rb8 Qe6 42. Rb7 1-0